Game Theory : Economic Applications : Game Theory and Social Sciences /

Tercero de cuatro tomos de este recuento del desarrollo de la teoría de juegos, dividido en dos grandes partes: la primera reúne ejemplos de cómo los refinamientos del programa Nash -así nombrado en honor del pionero John Nash- alteraron el rostro de la economía neoclásica y la segunda recoge aspect...

Descripció completa

Guardat en:
Dades bibliogràfiques
Autor principal: Varoufakis, Yanis (ed.)
Altres autors: Housego, Anthony (colaboración) (colaboración)
Format: Llibre
Idioma:anglès
Publicat: Londres, Inglaterra : Routledge, 2001, c2001
Col·lecció:(Critical Concepts in the Social Sciences)
Matèries:
Etiquetes: Afegir etiqueta
Sense etiquetes, Sigues el primer a etiquetar aquest registre!

MARC

LEADER 00000nam^a2200000^a^4500
001 000139578
005 20250521000000.0
009 20260310095508.372
020 |a 0-415-22243-5 
037 |a Acervo ITESO - Biblioteca 
041 |a ING 
082 |a 300. 15193  |b VAR V. 3 
100 |a Varoufakis, Yanis  |e (ed.) 
240 1 1 |a [Game Theory] 
245 1 0 |a Game Theory :  |b Economic Applications : Game Theory and Social Sciences /  |c Ed. de Y. Varoufakis ; colaboración de A. Housego. 
264 4 |a Londres, Inglaterra :  |b Routledge,  |c 2001, c2001 
300 |a 604 p. 
336 |a texto  |b txt  |2 rdacontenido 
337 |a sin mediación  |b n  |2 rdamedio 
338 |a volumen  |b nc  |2 rdasoporte 
440 1 |a (Critical Concepts in the Social Sciences) 
520 |a Tercero de cuatro tomos de este recuento del desarrollo de la teoría de juegos, dividido en dos grandes partes: la primera reúne ejemplos de cómo los refinamientos del programa Nash -así nombrado en honor del pionero John Nash- alteraron el rostro de la economía neoclásica y la segunda recoge aspectos de la influencia de la teoría de juegos fuera de la economía, que llevaron a proclamarla como un punto de unificación de las ciencias sociales. Se trata de una obra cuyos cuatro tomos conforman un mapa de la historia intelectual de la teoría de juegos: su ubicación en la tradición ilustrada, su boom a fines de la década de 1970 y sus debates emergentes a inicios del siglo XXI. 
649 |a XX 
650 |a Teoría de Juegos -  |x Tema Principal 
650 |a Probabilidad 
650 |a Toma de Decisiones 
650 |a Modelos Matemáticos 
650 |a Subastas 
650 |a Monopolio 
650 |a Macroeconomía 
650 |a Economía 
650 |a Política 
650 |a Marxismo 
650 |a Sociología 
650 |a Antropología 
650 |a Ciencias Sociales 
700 |a Housego, Anthony  |e (colaboración) 
910 |a Fondo General 
920 |a Impresos - Libros 
930 |a Colección General 
905 |a 101 
901 |a 0500067843  |b IT1  |c ACC  |u 20250521 
902 |a https://opac.biblio.iteso.mx/vufind/Record/000139578